Zákony 2019 : úplné znenie : aktualizácia. VI/3, Zákon o ochrane prírody. Zákon o obchodovaní s emisnými kvótami.
Uložené v:
| Korporatívny autor: | |
|---|---|
| Médium: | Kniha |
| Jazyk: | Slovak |
| Vydané: |
Žilina :
Poradca,
2019.
|
| Témy: | |
| Fyzický popis: |
112 strán : tabuľky ; 21 cm. |
| Tagy: |
Pridať tag
Žiadne tagy, Buďte prvý kto otaguje tento záznam!
|
Titul je dostupný aj v ... 

MARC
| LEADER | 00000nam a2200000 i 4500 | ||
|---|---|---|---|
| 001 | 000629068 | ||
| 005 | 20200511110445.0 | ||
| 008 | 200206s2019 xo e f 000 0 slo d | ||
| 020 | |q (brožované) | ||
| 022 | |a 1335-6127 | ||
| 040 | |a SVKKK |b slo |c SVKKK |e rda | ||
| 041 | 0 | |a slo | |
| 043 | |a e-xo--- | ||
| 044 | |a xo |c SK | ||
| 072 | 7 | |a 502 |x Životné prostredie a jeho ochrana |2 konspekt | |
| 072 | 7 | |a 504 |x Znečistenie a poškodenie životného prostredia |2 konspekt | |
| 080 | |a 502.17 |2 2011 | ||
| 080 | |a 504.5:502.3 |2 2011 | ||
| 080 | |a (437.6) |2 2011 | ||
| 080 | |a (094.5) |2 2011 | ||
| 110 | 2 | |a Slovensko |4 aut | |
| 245 | 1 | 0 | |a Zákony 2019 : |b úplné znenie : aktualizácia. |n VI/3, |p Zákon o ochrane prírody. |p Zákon o obchodovaní s emisnými kvótami. |
| 246 | 3 | 0 | |a Zákon o ochrane prírody |
| 246 | 3 | 0 | |a Zákon o obchodovaní s emisnými kvótami |
| 246 | 3 | 3 | |a Aktualizácia k zákonom VI/2019 : |b úplné znenie zákonov po novelách. |p XX. ročník, zošit 3 |
| 264 | 1 | |a Žilina : |b Poradca, |c 2019. | |
| 300 | |a 112 strán : |b tabuľky ; |c 21 cm. | ||
| 336 | |a text |b txt |2 rdacontent | ||
| 337 | |a bez média |b n |2 rdamedia | ||
| 338 | |a zväzok |b nc |2 rdacarrier | ||
| 500 | |a Názov z obálky | ||
| 500 | |a Iná periodicita | ||
| 500 | |a Na obálke uvedené: X/2019 | ||
| 504 | |a Obsahuje odkazy k textu | ||
| 650 | 0 | 7 | |a ochrana prírody |2 SVKKKPH |
| 650 | 0 | 7 | |a emisie znečisťujúcich látok |2 SVKKKPH |
| 650 | 0 | 7 | |a nature conservation |2 SVKKKPHeng |
| 650 | 0 | 7 | |a air pollutant emission |2 SVKKKPHeng |
| 651 | 7 | |a Slovensko |2 SVKKKPH | |
| 651 | 7 | |a Slovakia |2 SVKKKPHeng | |
| 655 | 7 | |a zákony |2 SVKKKPH | |
| 655 | 7 | |a laws |2 SVKKKPHeng | |
| 910 | |a svkkk | ||
| 998 | |a BK | ||
| 090 | |g SCKHL |k Sklad Hlavná 10 prízemie |a III.247248 |j 1102432 |i 2720720479 |s Absenčne | ||